000 00490nam a2200181Ia 4500
005 20250508155059.0
008 008 250505s9999 xx 000 0 eng d
037 _aTextual
040 _aFEDL
_beng
_cFEDL
041 _aeng
_2eng
084 _a370.196, INF
_qFEDL
245 0 _aInternational education
245 0 _cInformation service of education and world affairs
260 _c1966
300 _a40p.
942 _cTEXL
_h370.196, INF
999 _c1354004
_d1354004